000 00281nam a22001337a 4500
082 _a894.812.3
_bSRE/K
100 _aSREEKANTH, ASWATHY
245 _aKAALI
246 _aKAALI
_bKAALI
260 _aTHRISSUR
_bD C
_c2024
300 _a143
650 _aMALAYALAM STORIES
942 _cBK
999 _c8959
_d8959